| 000 | 00321nam a22001217a 4500 | ||
|---|---|---|---|
| 008 | 230704b xxu||||| |||| 00| 0 eng d | ||
| 020 | _a9966915001 | ||
| 082 |
_a342.1 _bKIB 1996 |
||
| 245 | _aSowing the Constitutional Seed in Kenya | ||
| 260 |
_aNairobi _bClaripress Limited _c1996 |
||
| 300 | _aVIII,243p | ||
| 942 |
_2ddc _cBK |
||
| 999 |
_c3629 _d3629 |
||